01948cam a2200373 a 450000100090000000300050000900500170001400800410003101000170007202000280008902000250011704000180014204200080016004300120016805000260018008200230020610000260022924500750025526000440033030000240037450505640039865000420096265000350100465000490103965000350108865000350112365000640115865100720122265100670129490600450136194200120140699900190141895201370143716900121NUST20221117124047.0110802s2011 enk b 001 0deng  a 2011431894 a978-0-19-906477-9(hbk.) a9781849040495 (pbk.) aDLCcDLCdDLC apcc aa-bg---00aDS395.7.A2bB67 2011b00a954.92051, BOS2231 aBose, Sarmila.95129210aDead reckoning :bmemories of the 1971 Bangladesh War /cSarmila Bose. aPakistanbUnion Enterprises Pub c2011. ax, 239 p. ;c23 cm.0 aIntroduction: Memories in conflict (Page-1), Call to arms : Bengali nationalist rebellion (Page-17),Military inaction : power without responsibility (Page-29),Military action : "Operation Searchlight" in Dhaka (Page-47),Uncivil war : mobs, mutinies, and madness (Page-71),Village of widows : "securing" the countryside (Page-97),Hounding of Hindus : the politics of minority persecution (Page-115),Hit and run : sabotage and retribution (Page-127),Fratricide : death squads at war's end (Page-149),Words and numbers : memories and monstrous fables (Page-161). 0aCollective memoryzBangladesh.951293 0aInterviewszBangladesh.951294 0aWar victimszBangladeshvInterviews.9102844 0aInterviewszBangladesh.951294 0aBangladeshvBiography.9102845 0aWar and societyzBangladeshxHistoryy20th century.9102846 0aBangladeshxHistoryyRevolution, 1971vPersonal narratives.9102847 0aBangladeshxHistoryyRevolution, 1971xSocial aspects.9102848 a7bcbccorigcopd2encipf20gy-gencatlg 2ddccBK c592351d592351 00102ddc4070aMCSbMCScGENd2022-11-17l0o954.92051, BOSpMCS37993r2022-11-17w2022-11-17yBKzAlmirah Fresh No.45, Shelf No.6